| 000 | 01096nas a2200349 i 4500 | ||
|---|---|---|---|
| 001 | 4 | ||
| 003 | ES-MaACL | ||
| 005 | 20250822100003.0 | ||
| 007 | t| | ||
| 008 | 950801d18381839sp c| | 1 ||pa d | ||
| 040 |
_cES-MaACL _dES-MaACL |
||
| 080 | _a(460) | ||
| 080 | _a82-7 | ||
| 080 | _a32 | ||
| 245 | 0 | 0 |
_aAbenamar y el estudiante _b: capricho periodístico. |
| 260 |
_aMadrid : _bGerónimo Cachapero, _c1838-1839. |
||
| 300 |
_av. ; _c16 cm. |
||
| 310 | _aBisemanal | ||
| 362 | 0 | _aN. 1 (2 dic. 1838)-n. 29 (10 marzo 1839) | |
| 510 |
_aCPPBAM, _c3 |
||
| 530 | _aDisponible en formato digital. | ||
| 650 | 1 | 7 |
_aSátira _2embne _916997 |
| 650 | 1 | 7 |
_aPolítica _2embne _9140345 |
| 655 | 7 |
_2tgfbne _9226866 _aRevistas |
|
| 785 | 0 | 0 |
_02868 _w2868 _tEl Estudiante _g(abril-sept. 1839) |
| 852 |
_aES-MaACL _95 _jR-1938-1940 _dOlim: C-708-10 _cDEPO _zMuerta |
||
| 856 |
_uhttps://www.cervantesvirtual.com/partes/233837/abenamar-y-el-estudiante _zBiblioteca Virtual Cervantes |
||
| 866 | 0 | _o1838-1839 | |
| 942 |
_2udc _cPERIODICA |
||
| 955 | _bPilar Fernández Vera | ||
| 999 |
_c4 _d4 |
||